000 00508nam a2200181Ia 4500
008 090123s9999 xx 000 0 und d
082 _b39383
100 _aपरांडे उषा
245 _aरानभूल
250 _a1
260 _bनंदादीप बुक सर्व्हिस
_c2006
300 _a184
600 _aपरांडे उषा
630 _aरानभूल
700 _aपरांडे उषा
730 _aरानभूल
942 _cBOOK
999 _c77453
_d77453